[Event "Amateur chess champ_Oktyabrskiy"]
[Site "MOSCOW"]
[Date "2016.??.??"]
[Round "1.1"]
[White "Prakhov, Nikolay"]
[Black "Denishev, Marat"]
[Result "0-1"]
[WhiteElo "1851"]
[BlackElo "2375"]
[PlyCount "76"]
[EventDate "2016.11.12"]

1. Nf3 c5 2. e3 Nf6 3. b3 g6 4. Bb2 Bg7 5. d4 O-O 6. Nbd2 b6 7. Bd3 Bb7 8. O-O
Nc6 9. c3 d6 10. Qe2 Qc7 11. Rac1 e5 12. Ba6 Rad8 13. Bxb7 Qxb7 14. Rfd1 e4 15.
Ne1 Rfe8 16. Nf1 h5 17. g3 Qc8 18. Ng2 Qf5 19. Rc2 Bh6 20. Ba1 Nh7 21. h4 Nf6
22. Nf4 Rc8 23. Re1 Bxf4 24. gxf4 Qh3 25. Nh2 Ne7 26. dxc5 dxc5 27. f3 Nf5 28.
fxe4 Nxe4 29. Nf3 Nxh4 30. Nxh4 Qxh4 31. Rd1 Rcd8 32. Rxd8 Rxd8 33. Qf3 Qe1+
34. Qf1 Qg3+ 35. Rg2 Qh4 36. f5 Ng3 37. Qe1 Qh1+ 38. Kf2 Ne4+ 0-1

[Event "Amateur chess champ_Oktyabrskiy"]
[Site "MOSCOW"]
[Date "2016.??.??"]
[Round "1.2"]
[White "Apryshko, Gleb"]
[Black "Yarikov, Sergey"]
[Result "1-0"]
[WhiteElo "2356"]
[BlackElo "1657"]
[PlyCount "79"]
[EventDate "2016.11.12"]

1. e4 e6 2. d3 d5 3. Nd2 Bc5 4. Ngf3 Nc6 5. c3 d4 6. Nb3 Bb6 7. Nbxd4 Nxd4 8.
cxd4 Nf6 9. h3 c6 10. Be3 Ba5+ 11. Nd2 Bb6 12. Qa4 Bd7 13. Nc4 O-O 14. Qb4 Rc8
15. a4 Rb8 16. Nxb6 Qxb6 17. Qc3 a5 18. d5 Qd8 19. dxe6 Bxe6 20. Be2 Rc8 21. b4
Ra8 22. O-O axb4 23. Qxb4 Qd7 24. Rfb1 b5 25. axb5 Rxa1 26. Rxa1 cxb5 27. Bd4
Rd8 28. Bxf6 gxf6 29. Rb1 Bxh3 30. gxh3 Qxh3 31. Qe7 Rc8 32. Qxf6 Rc2 33. Qg5+
Kf8 34. Rxb5 Rc8 35. Bg4 Rc1+ 36. Qxc1 Qxg4+ 37. Kf1 Qh3+ 38. Ke1 Qh1+ 39. Kd2
Qh6+ 40. Kd1 1-0

[Event "Amateur chess champ_Oktyabrskiy"]
[Site "MOSCOW"]
[Date "2016.??.??"]
[Round "1.3"]
[White "Yarikov, Artem"]
[Black "Taalaibekov, Tagir"]
[Result "0-1"]
[WhiteElo "1487"]
[BlackElo "2195"]
[PlyCount "50"]
[EventDate "2016.11.12"]

1. e4 c5 2. Nf3 e6 3. d4 cxd4 4. Nxd4 Nf6 5. Nc3 Nc6 6. f3 Qc7 7. a3 a6 8. Be3
Be7 9. Qd2 d6 10. O-O-O Ne5 11. Qf2 b5 12. Qd2 Nc4 13. Bxc4 Qxc4 14. Qd3 Qc7
15. Qd2 Bb7 16. Nb3 Rc8 17. Bf4 e5 18. Be3 d5 19. exd5 Nxd5 20. Nxd5 Bxd5 21.
Na1 Be6 22. Qf2 O-O 23. Rd2 Qc4 24. Nb3 Qxb3 25. Bc5 Qa2 0-1

[Event "Amateur chess champ_Oktyabrskiy"]
[Site "MOSCOW"]
[Date "2016.??.??"]
[Round "1.4"]
[White "Kedrov, Valery V"]
[Black "Rybakova, Natalia"]
[Result "1-0"]
[WhiteElo "2113"]
[BlackElo "1410"]
[PlyCount "37"]
[EventDate "2016.11.12"]

1. e4 c6 2. d4 d5 3. Nd2 Nf6 4. e5 Ne4 5. Nxe4 dxe4 6. c3 f5 7. exf6 exf6 8.
Bc4 b5 9. Bb3 Bb7 10. Qg4 Qe7 11. Ne2 g6 12. Ng3 f5 13. Nxf5 Bc8 14. Nd6+ Qxd6
15. Qxc8+ Qd8 16. Bf7+ Kxf7 17. Qxd8 Bg7 18. Qc7+ Kg8 19. Qb7 1-0

[Event "Amateur chess champ_Oktyabrskiy"]
[Site "MOSCOW"]
[Date "2016.??.??"]
[Round "1.5"]
[White "Tokmantsev, Ivan"]
[Black "Mamatov, Melis"]
[Result "0-1"]
[WhiteElo "1387"]
[BlackElo "2098"]
[PlyCount "30"]
[EventDate "2016.11.12"]

1. e4 d6 2. d4 g6 3. Nf3 Bg7 4. Bd3 Bg4 5. c3 c6 6. Be3 a5 7. Nbd2 Nf6 8. h3
Be6 9. O-O h6 10. Nh2 Na6 11. Qe2 Nc7 12. Rfe1 a4 13. Nhf1 Rb8 14. f4 b5 15. g4
h5 0-1

[Event "Amateur chess champ_Oktyabrskiy"]
[Site "MOSCOW"]
[Date "2016.??.??"]
[Round "1.6"]
[White "Kurakulov, Sergey"]
[Black "Pushkin, Vasiliy"]
[Result "1-0"]
[WhiteElo "1950"]
[BlackElo "1379"]
[PlyCount "149"]
[EventDate "2016.11.12"]

1. f4 d5 2. b3 Nf6 3. Bb2 Nbd7 4. Nf3 e6 5. e3 Bd6 6. Ne5 O-O 7. Be2 c5 8. O-O
b6 9. Qe1 Re8 10. Rf3 Bxe5 11. fxe5 Ng4 12. Qg3 Nh6 13. Qf4 Nf8 14. d4 Ng6 15.
Qg3 a6 16. Bd3 Bd7 17. Bxg6 hxg6 18. Nd2 Rc8 19. c3 Bc6 20. Raf1 Bb7 21. Qh3
Qe7 22. g4 Qg5 23. Rf4 Kf8 24. Nf3 Qd8 25. g5 Nf5 26. Kf2 Ke7 27. Nh4 Kd7 28.
Nxf5 gxf5 29. Qg3 g6 30. Rh4 Rh8 31. Rh6 a5 32. Ke1 Ba6 33. Rg1 Bd3 34. Qf4 Qc7
35. Rg3 Qb8 36. Rgh3 Bb1 37. a3 Bc2 38. Qh4 Rhg8 39. Rh7 Rcf8 40. dxc5 Bxb3 41.
cxb6 Qxb6 42. Qd4 Qxd4 43. exd4 Kc6 44. Rg3 Kb5 45. Rhh3 Rh8 46. Kf2 Bc2 47.
Rh6 Rxh6 48. gxh6 Rh8 49. Bc1 Bd1 50. h4 Kc4 51. Bf4 Kb3 52. Ke1 Bh5 53. Kd2
Kxa3 54. c4+ Kb4 55. c5 Kb5 56. Rb3+ Kc6 57. Rb6+ Kc7 58. Ra6 Rh7 59. Rxa5 Kc6
60. Kc3 Rh8 61. Ra6+ Kb7 62. Rb6+ Kc7 63. Kb4 Bg4 64. Ka5 Be2 65. Rb2 Ra8+ 66.
Kb4 Bd1 67. Bg5 Rh8 68. Ra2 Kb7 69. Kb5 Rh7 70. c6+ Kc7 71. Ra7+ Kb8 72. Kb6
Be2 73. c7+ Kc8 74. Ra8+ Kd7 75. Rd8# 1-0

[Event "Amateur chess champ_Oktyabrskiy"]
[Site "MOSCOW"]
[Date "2016.??.??"]
[Round "1.7"]
[White "Muraseev, Vasilii"]
[Black "Pokhlebin, Sergej"]
[Result "0-1"]
[WhiteElo "1144"]
[BlackElo "1902"]
[PlyCount "66"]
[EventDate "2016.11.12"]

1. e4 e5 2. Nf3 Nc6 3. Bb5 a6 4. Ba4 Nf6 5. d3 Bc5 6. Be3 Qe7 7. Bxc5 Qxc5 8.
Bxc6 dxc6 9. Nc3 Bg4 10. h3 Bh5 11. Qe2 Qa5 12. a3 Bxf3 13. Qxf3 O-O 14. O-O c5
15. Qe3 Rad8 16. Rfd1 Rd6 17. Qd2 Kh8 18. Qe3 Rfd8 19. Rd2 Nd7 20. Nd5 c6 21.
b4 cxb4 22. Nxb4 Nb6 23. Rb1 c5 24. Nd5 Nxd5 25. exd5 Rxd5 26. f4 f6 27. c4 Rd4
28. fxe5 Re8 29. Qf3 fxe5 30. Qxb7 Qxa3 31. Qc6 Red8 32. Qe6 e4 33. Qf5 h6 0-1

[Event "Amateur chess champ_Oktyabrskiy"]
[Site "MOSCOW"]
[Date "2016.??.??"]
[Round "1.10"]
[White "Antonova, Nadezhda"]
[Black "Voronkov, Denis"]
[Result "0-1"]
[WhiteElo "2035"]
[BlackElo "2204"]
[PlyCount "70"]
[EventDate "2016.11.12"]

1. d4 e6 2. Nf3 c5 3. e3 Nf6 4. Bd3 cxd4 5. exd4 d6 6. O-O Be7 7. c3 O-O 8. Re1
b6 9. h3 Bb7 10. Bf4 Nbd7 11. Nbd2 a6 12. a4 Re8 13. Nc4 Nf8 14. Bh2 Ng6 15.
Nfd2 Qc7 16. Qb3 Nd5 17. Ne4 Rad8 18. Bf1 Qc6 19. Ncxd6 Bxd6 20. Nxd6 Rxd6 21.
Bxd6 Qxd6 22. c4 Ndf4 23. c5 Qxd4 24. cxb6 Nh4 25. Red1 Qe4 26. Re1 Qf5 27. Qg3
Nfxg2 28. Bxg2 Nxg2 29. Rec1 Nf4 30. Re1 Nxh3+ 31. Kh2 Nxf2 32. Rac1 Qh5+ 33.
Kg1 Nh3+ 34. Kf1 Qf5+ 35. Ke2 Nf4+ 0-1

[Event "Amateur chess champ_Oktyabrskiy"]
[Site "MOSCOW"]
[Date "2016.??.??"]
[Round "1.11"]
[White "Hart, Alexander"]
[Black "Balashov, Aleksandr"]
[Result "1/2-1/2"]
[WhiteElo "1808"]
[BlackElo "1610"]
[PlyCount "125"]
[EventDate "2016.11.12"]

1. d4 d5 2. c4 c6 3. Nf3 Nf6 4. g3 Bf5 5. Nc3 h6 6. Bg2 e6 7. Qb3 Qc8 8. O-O
Bd6 9. Nd2 O-O 10. e4 dxe4 11. Ndxe4 Nxe4 12. Nxe4 Bxe4 13. Bxe4 Nd7 14. f4 Nf6
15. Bg2 Rb8 16. Be3 Ng4 17. Bd2 Rd8 18. h3 Nf6 19. Rac1 Bc5 20. dxc5 Rxd2 21.
Rfd1 Rxd1+ 22. Rxd1 b5 23. cxb5 Rxb5 24. Qc2 Nd5 25. Kf2 Qb7 26. b3 Qe7 27. Rc1
Nb4 28. Qc4 Rxc5 29. Qxb4 Rc2+ 30. Rxc2 Qxb4 31. Bxc6 Qd4+ 32. Kg2 Qd3 33. Rf2
Qd6 34. Bf3 g5 35. fxg5 hxg5 36. Be2 Kg7 37. g4 f6 38. Bc4 e5 39. Kf3 Qd4 40.
Be6 Qf4+ 41. Kg2 Qe4+ 42. Kg3 Qe3+ 43. Kg2 Qe4+ 44. Kg3 Qd3+ 45. Kg2 e4 46. Bc4
Qd4 47. Re2 Qe5 48. a4 Qf4 49. Rf2 Qe5 50. Re2 Kg6 51. Rf2 Qc3 52. Kh2 a5 53.
Kg2 Qd4 54. Re2 Qe5 55. Bb5 Qf4 56. Rf2 Qe3 57. Bc4 Qd4 58. Re2 Qe5 59. Rd2 Qf4
60. Rf2 Qe5 61. Rf5 Qb2+ 62. Rf2 Qe5 63. Rc2 1/2-1/2

[Event "Amateur chess champ_Oktyabrskiy"]
[Site "MOSCOW"]
[Date "2016.??.??"]
[Round "2.1"]
[White "Denishev, Marat"]
[Black "Kedrov, Valery V"]
[Result "1-0"]
[WhiteElo "2375"]
[BlackElo "2113"]
[PlyCount "91"]
[EventDate "2016.11.12"]

1. e4 c5 2. Nf3 g6 3. d4 cxd4 4. Nxd4 Bg7 5. Nc3 Nc6 6. Be3 Nf6 7. Bc4 O-O 8.
Bb3 a5 9. O-O d6 10. Ndb5 Ng4 11. Bg5 Nge5 12. h3 Be6 13. Qe2 a4 14. Bxe6 fxe6
15. Be3 Qa5 16. a3 Rac8 17. f4 Nd7 18. Rad1 Nb6 19. Kh1 Nd8 20. Bxb6 Qxb6 21.
Nxa4 Qa6 22. b3 Nc6 23. e5 Na7 24. c4 dxe5 25. fxe5 Rxf1+ 26. Rxf1 Nc6 27. Nc5
Qb6 28. Nxe6 Bxe5 29. Qf3 Bf6 30. Qd5 Ne5 31. a4 Qc6 32. Nf4+ Kg7 33. Na7 Qxd5
34. Nxd5 Rd8 35. Nb5 Nd3 36. Nbc7 Rc8 37. a5 Nc5 38. b4 Nd3 39. b5 Ne5 40. c5
Nd3 41. a6 bxa6 42. bxa6 Nb4 43. Nxf6 Nxa6 44. Nfe8+ Kg8 45. Nxa6 Rxe8 46. c6
1-0

[Event "Amateur chess champ_Oktyabrskiy"]
[Site "MOSCOW"]
[Date "2016.??.??"]
[Round "2.3"]
[White "Voronkov, Denis"]
[Black "Kurakulov, Sergey"]
[Result "1-0"]
[WhiteElo "2204"]
[BlackElo "1950"]
[PlyCount "45"]
[EventDate "2016.11.12"]

1. d4 e6 2. e4 b6 3. Bd3 Bb7 4. Nf3 h5 5. O-O Nh6 6. c4 Be7 7. d5 Na6 8. Nc3 h4
9. Ne5 d6 10. Ng4 e5 11. f4 Nxg4 12. Qxg4 Qd7 13. Qxd7+ Kxd7 14. fxe5 Rag8 15.
Rxf7 Nc5 16. Be2 g5 17. e6+ Kd8 18. Be3 Na6 19. Raf1 Nb8 20. Nb5 Re8 21. Rxe7
Rxe7 22. Bxg5 Ke8 23. Bxe7 1-0

[Event "Amateur chess champ_Oktyabrskiy"]
[Site "MOSCOW"]
[Date "2016.??.??"]
[Round "2.5"]
[White "Pokhlebin, Sergej"]
[Black "Losev, Dmitry"]
[Result "1-0"]
[WhiteElo "1902"]
[BlackElo "2174"]
[PlyCount "47"]
[EventDate "2016.11.12"]

1. e4 c5 2. Nf3 d6 3. d4 cxd4 4. Nxd4 Nf6 5. Nc3 e6 6. g4 h6 7. h4 Nc6 8. Rg1
Nd7 9. Be3 a6 10. g5 hxg5 11. hxg5 g6 12. Qd2 Nde5 13. Be2 Rh3 14. O-O-O Bd7
15. f4 Nxd4 16. Bxd4 Nf3 17. Bxf3 Rxf3 18. Rh1 Bc6 19. Rh8 Qc7 20. Bb6 Qe7 21.
Qxd6 Qxd6 22. Rxd6 Rxf4 23. Bc5 Rg4 24. Rd1 1-0

[Event "Amateur chess champ_Oktyabrskiy"]
[Site "MOSCOW"]
[Date "2016.??.??"]
[Round "2.6"]
[White "Balashov, Aleksandr"]
[Black "Savinov, Victor"]
[Result "0-1"]
[WhiteElo "1610"]
[BlackElo "1893"]
[PlyCount "150"]
[EventDate "2016.11.12"]

1. e4 e5 2. Nf3 Nc6 3. Bb5 Nge7 4. c3 d6 5. d4 Bd7 6. O-O Ng6 7. Re1 Be7 8. Be3
O-O 9. Nbd2 h6 10. Ba4 Kh8 11. Bc2 Nh4 12. d5 Nb8 13. h3 f5 14. exf5 Bxf5 15.
Nxh4 Bxh4 16. Nf3 Be7 17. Rc1 Nd7 18. Nh2 Bg5 19. Bxg5 Qxg5 20. Bxf5 Rxf5 21.
Re3 Raf8 22. Rg3 Qf6 23. Rf3 e4 24. Rxf5 Qxf5 25. Qe2 Ne5 26. Re1 Nd3 27. Rf1
Qxd5 28. Ng4 Ne5 29. Rd1 Qxa2 30. Nxe5 dxe5 31. Rd7 e3 32. Qxe3 Qb1+ 33. Kh2
Qf5 34. Rxc7 Qxf2 35. Qxe5 Qf4+ 36. Qxf4 Rxf4 37. Rxb7 Rf2 38. c4 Rc2 39. b3
Rc3 40. Rb5 a6 41. Rb6 Kh7 42. Rb4 h5 43. h4 a5 44. Rb5 Kh6 45. c5 g6 46. Kg1
Kg7 47. Rb7+ Kf6 48. Rb6+ Kf5 49. c6 Kg4 50. b4 Kg3 51. Kf1 axb4 52. c7 Rxc7
53. Rxg6+ Kxh4 54. Rb6 Rc4 55. Rb5 Kg4 56. Kf2 h4 57. Rb7 Rf4+ 58. Kg1 Kf5 59.
Kh2 Rd4 60. Kh3 Ke5 61. Rb5+ Kd6 62. g4 hxg3 63. Kxg3 Kc6 64. Rb8 Kc5 65. Kf2
Kc4 66. Ke2 Kc3 67. Rc8+ Kb2 68. Ke3 Rd7 69. Ke2 b3 70. Rc5 Kb1 71. Rb5 b2 72.
Ke1 Rd3 73. Ke2 Ra3 74. Kd2 Ka1 75. Kc2 Ra2 0-1

[Event "Amateur chess champ_Oktyabrskiy"]
[Site "MOSCOW"]
[Date "2016.??.??"]
[Round "2.8"]
[White "Rybakova, Natalia"]
[Black "Antonova, Nadezhda"]
[Result "0-1"]
[WhiteElo "1410"]
[BlackElo "2035"]
[PlyCount "80"]
[EventDate "2016.11.12"]

1. d4 d6 2. e4 Nf6 3. Nc3 e5 4. d5 Be7 5. Nf3 O-O 6. Be2 c6 7. O-O b5 8. Bd3 b4
9. Na4 cxd5 10. Re1 dxe4 11. Bxe4 d5 12. Bxh7+ Nxh7 13. Rxe5 Bb7 14. Nd4 Nc6
15. Rh5 Nxd4 16. Qxd4 g6 17. Bh6 Bf6 18. Qg4 Bc8 19. Qg3 Re8 20. Rd1 Qe7 21. f3
Bd7 22. b3 Bxa4 23. bxa4 d4 24. f4 Qe2 25. Qf3 Qxf3 26. gxf3 gxh5 27. Kg2 Rac8
28. Rd2 Nf8 29. Kh3 Kh7 30. Bg5 Bg7 31. f5 Rc3 32. Kg2 f6 33. Bf4 Bh6 34. Bxh6
Kxh6 35. Rxd4 Re2+ 36. Kg3 Kg5 37. h4+ Kxf5 38. Rxb4 Nd7 39. Rb7 Ne5 40. Rxa7
Rxf3# 0-1

[Event "Amateur chess champ_Oktyabrskiy"]
[Site "MOSCOW"]
[Date "2016.??.??"]
[Round "2.9"]
[White "Zakharova, Evgenia"]
[Black "Yarikov, Artem"]
[Result "1-0"]
[WhiteElo "1890"]
[BlackElo "1487"]
[PlyCount "113"]
[EventDate "2016.11.12"]

1. c4 c5 2. Nc3 Nc6 3. g3 g6 4. Bg2 Bg7 5. d3 d6 6. e4 e5 7. Nge2 Nge7 8. O-O
O-O 9. a3 a6 10. Rb1 a5 11. Be3 Be6 12. b3 b6 13. Qd2 Qd7 14. Nd5 Rab8 15. Nec3
Rb7 16. f4 f6 17. b4 axb4 18. axb4 Bxd5 19. Nxd5 Nxd5 20. cxd5 Nxb4 21. Rfc1
Rd8 22. Rxb4 cxb4 23. Qxb4 Rc7 24. Rb1 b5 25. h4 Rc2 26. Rb2 Rxb2 27. Qxb2 Rb8
28. f5 gxf5 29. Bh3 Qc7 30. Bxf5 b4 31. h5 Qc3 32. Be6+ Kh8 33. Qf2 h6 34. Bxh6
Rf8 35. Bxg7+ Kxg7 36. Qf5 Qc1+ 37. Kg2 Qg5 38. Qf2 b3 39. Qa7+ Kh6 40. Bf5 Qg7
41. Qb6 Rg8 42. Bg6 Qe7 43. Qxb3 Qc7 44. Qb2 Rc8 45. Qd2+ Kg7 46. Qe3 Qc2+ 47.
Kh3 Qc1 48. Qf3 Qg5 49. Qf2 Qc1 50. Qa7+ Rc7 51. Qb6 Qh1+ 52. Kg4 f5+ 53. Bxf5
Qd1+ 54. Kh4 Qh1+ 55. Bh3 Qc1 56. Qxd6 Rf7 57. Qxe5+ 1-0

[Event "Amateur chess champ_Oktyabrskiy"]
[Site "MOSCOW"]
[Date "2016.??.??"]
[Round "2.10"]
[White "Pushkin, Vasiliy"]
[Black "Prakhov, Nikolay"]
[Result "0-1"]
[WhiteElo "1379"]
[BlackElo "1851"]
[PlyCount "55"]
[EventDate "2016.11.12"]

1. d4 d5 2. c4 e5 3. dxe5 d4 4. Nf3 Nc6 5. e3 Bb4+ 6. Bd2 dxe3 7. fxe3 Bg4 8.
Be2 Bxf3 9. Bxf3 Qh4+ 10. g3 Qxc4 11. Bxc6+ Qxc6 12. O-O Bxd2 13. Nxd2 Nh6 14.
Nf3 O-O 15. Rc1 Qb6 16. Qe2 Rae8 17. Rc3 c6 18. h3 Re6 19. Kh2 Rfe8 20. Qf2 f5
21. exf6 Rxf6 22. Qg2 Nf5 23. Qf2 Nd6 24. Rcc1 Rg6 25. Rg1 Ne4 26. Qf1 Nxg3 27.
Qc4+ Kh8 28. Qf4 0-1

[Event "Amateur chess champ_Oktyabrskiy"]
[Site "MOSCOW"]
[Date "2016.??.??"]
[Round "2.11"]
[White "Yarikov, Sergey"]
[Black "Tokmantsev, Ivan"]
[Result "0-1"]
[WhiteElo "1657"]
[BlackElo "1387"]
[PlyCount "94"]
[EventDate "2016.11.12"]

1. d4 e6 2. c4 d5 3. cxd5 exd5 4. Nf3 Nf6 5. Bf4 Be7 6. e3 O-O 7. Qc2 c6 8. h3
Ne4 9. Bd3 f5 10. O-O Bd6 11. Ne5 Bc7 12. f3 Nd6 13. Nc3 Nd7 14. b3 Nxe5 15.
dxe5 Ne8 16. Bg3 d4 17. Rad1 Kh8 18. Ne2 dxe3 19. Bxf5 Qe7 20. Bxh7 Bxe5 21.
Bxe5 Qxe5 22. Qe4 Qxe4 23. Bxe4 Nf6 24. Rd3 Nxe4 25. fxe4 Rxf1+ 26. Kxf1 Be6
27. Rxe3 Rd8 28. Kg1 Rd1+ 29. Kh2 c5 30. Nf4 Rd6 31. e5 Rc6 32. Nxe6 Rxe6 33.
Kg3 Kh7 34. Kf4 Kg6 35. Rd3 b6 36. Rd6 Rxd6 37. exd6 Kf6 38. d7 Ke7 39. Kf5
Kxd7 40. Kg6 b5 41. Kxg7 c4 42. bxc4 bxc4 43. h4 c3 44. h5 c2 45. h6 c1=Q 46.
h7 Qg5+ 47. Kf8 Qh6+ 0-1

[Event "Amateur chess champ_Oktyabrskiy"]
[Site "MOSCOW"]
[Date "2016.??.??"]
[Round "3.1"]
[White "Mamatov, Melis"]
[Black "Denishev, Marat"]
[Result "0-1"]
[WhiteElo "2098"]
[BlackElo "2375"]
[PlyCount "120"]
[EventDate "2016.11.12"]

1. c4 c5 2. b3 Nf6 3. Bb2 e6 4. Nf3 Be7 5. Qc2 O-O 6. e3 b6 7. Bd3 Nc6 8. a3 d5
9. Ng5 h6 10. Nf3 Bb7 11. Be2 d4 12. exd4 Nxd4 13. Bxd4 cxd4 14. d3 Qc7 15.
Nbd2 e5 16. Qb2 Rad8 17. Qb1 Rfe8 18. O-O Bd6 19. Re1 e4 20. dxe4 Nxe4 21. Nxe4
Bxe4 22. Bd3 Bxf3 23. gxf3 Bxh2+ 24. Kg2 Bf4 25. Be4 Re5 26. Rh1 Rg5+ 27. Kf1
Bd2 28. Qd3 Bc3 29. Rd1 Re8 30. Rh4 Qe7 31. Bh7+ Kh8 32. Re4 Re5 33. Rxe5 Qxe5
34. Be4 Qh2 35. f4 Qxf4 36. Bg2 Qe5 37. Bd5 f5 38. Kg2 g6 39. Qf3 Kg7 40. b4
Qe7 41. Qf4 Qg5+ 42. Qxg5 hxg5 43. Kf1 Kf6 44. f3 Re3 45. Kf2 Ke5 46. Bf7 Bb2
47. c5 bxc5 48. bxc5 Bxa3 49. c6 Bd6 50. Ra1 Kf4 51. Rxa7 Rxf3+ 52. Kg2 Rc3 53.
Ra5 Rc2+ 54. Kf1 Ke3 55. Rd5 Bf4 56. Rd7 Be5 57. Re7 Kf4 58. Re6 d3 59. Bxg6
Rc1+ 60. Kf2 d2 0-1

[Event "Amateur chess champ_Oktyabrskiy"]
[Site "MOSCOW"]
[Date "2016.??.??"]
[Round "3.2"]
[White "Pokhlebin, Sergej"]
[Black "Voronkov, Denis"]
[Result "0-1"]
[WhiteElo "1902"]
[BlackElo "2204"]
[PlyCount "101"]
[EventDate "2016.11.12"]

1. e4 e6 2. d4 d5 3. Nc3 Nf6 4. Bg5 Be7 5. e5 Nfd7 6. h4 Bxg5 7. hxg5 Qxg5 8.
Nh3 Qe7 9. Nf4 Nc6 10. Qg4 g6 11. O-O-O h5 12. Qg3 Nb6 13. Bd3 Bd7 14. Rh3
O-O-O 15. Qe3 Na5 16. Kb1 Kb8 17. Rdh1 Rhf8 18. a3 Rc8 19. g4 Nac4 20. Qc1 c5
21. Bxc4 Nxc4 22. b3 Nb6 23. gxh5 gxh5 24. Nce2 Bb5 25. Rxh5 c4 26. b4 c3 27.
R1h3 Na4 28. Rg3 Bxe2 29. Nxe2 Rc4 30. Rhh3 Rfc8 31. Ka2 a5 32. b5 Qc7 33. Qe1
Qb6 34. Qb1 Ka7 35. Rd3 Qc7 36. Qb3 Kb6 37. Rh6 Qd7 38. Rf3 R8c7 39. Rhf6 Qe8
40. Nf4 Ka7 41. Nxd5 Rc8 42. b6+ Kb8 43. Nc7 Qc6 44. Rxf7 Nxb6 45. Nb5 a4 46.
Qb1 Qd5 47. Ka1 Nd7 48. Nd6 Rxd4 49. Rxd7 Rd1 50. Rxb7+ Ka8 51. Rd3 0-1

[Event "Amateur chess champ_Oktyabrskiy"]
[Site "MOSCOW"]
[Date "2016.??.??"]
[Round "3.3"]
[White "Savinov, Victor"]
[Black "Taalaibekov, Tagir"]
[Result "0-1"]
[WhiteElo "1893"]
[BlackElo "2195"]
[PlyCount "60"]
[EventDate "2016.11.12"]

1. d4 Nf6 2. Bg5 d5 3. Bxf6 exf6 4. e3 Bd6 5. Bd3 O-O 6. Qf3 Be6 7. g4 c5 8.
dxc5 Bxc5 9. Ne2 Nc6 10. c3 Ne5 11. Bxh7+ Kxh7 12. Qh3+ Kg8 13. Nf4 Qd7 14. Nd2
Qb5 15. Nxe6 fxe6 16. b3 Nd3+ 17. Kf1 Nf4+ 18. c4 Qb4 19. exf4 Qxd2 20. Qf3
dxc4 21. bxc4 Rad8 22. Kg2 Rd3 23. Rhd1 Rxf3 24. Rxd2 Rxf4 25. Rb1 Rxg4+ 26.
Kf3 Rxc4 27. Rxb7 Rd4 28. Rc2 Bb6 29. Kg3 Rfd8 30. f4 R4d7 0-1

[Event "Amateur chess champ_Oktyabrskiy"]
[Site "MOSCOW"]
[Date "2016.??.??"]
[Round "3.5"]
[White "Prakhov, Nikolay"]
[Black "Apryshko, Gleb"]
[Result "1/2-1/2"]
[WhiteElo "1851"]
[BlackElo "2356"]
[PlyCount "46"]
[EventDate "2016.11.12"]

1. e4 g6 2. Bc4 d6 3. Nf3 Bg7 4. O-O c5 5. c3 Nc6 6. d3 Nf6 7. Nbd2 O-O 8. Re1
e5 9. Nf1 d5 10. exd5 Nxd5 11. Bg5 Qd6 12. Bxd5 Qxd5 13. Ne3 Qd6 14. Nc4 Qc7
15. Be3 b6 16. Qe2 Bf5 17. Rad1 Rfe8 18. Bc1 Qd7 19. Ne3 Be6 20. b3 h6 21. Bb2
Rad8 22. h3 f5 23. Nc4 Bf7 1/2-1/2

[Event "Amateur chess champ_Oktyabrskiy"]
[Site "MOSCOW"]
[Date "2016.??.??"]
[Round "3.6"]
[White "Kedrov, Valery V"]
[Black "Zakharova, Evgenia"]
[Result "1/2-1/2"]
[WhiteElo "2113"]
[BlackElo "1890"]
[PlyCount "46"]
[EventDate "2016.11.12"]

1. e4 c5 2. Nf3 e6 3. c4 Nc6 4. d4 cxd4 5. Nxd4 Nf6 6. Nc3 Bb4 7. Nxc6 bxc6 8.
Bd3 e5 9. O-O O-O 10. Be3 d6 11. h3 Bxc3 12. bxc3 Qa5 13. Qb3 Nh5 14. Qb4 Qc7
15. c5 d5 16. exd5 cxd5 17. Qh4 g6 18. Bh6 Ng7 19. Qf6 Nh5 20. Qh4 Ng7 21. Qf6
Nh5 22. Qh4 Ng7 23. Qf6 Nh5 1/2-1/2

[Event "Amateur chess champ_Oktyabrskiy"]
[Site "MOSCOW"]
[Date "2016.??.??"]
[Round "3.7"]
[White "Antonova, Nadezhda"]
[Black "Tokmantsev, Ivan"]
[Result "1-0"]
[WhiteElo "2035"]
[BlackElo "1387"]
[PlyCount "83"]
[EventDate "2016.11.12"]

1. d4 d5 2. Nf3 e6 3. e3 c6 4. Bd3 f5 5. O-O Nf6 6. c4 Bd6 7. b3 O-O 8. Ba3
Bxa3 9. Nxa3 h6 10. Qc2 Ne4 11. b4 Qe7 12. Qb2 a6 13. Nb1 Nd7 14. Nc3 b5 15.
cxb5 axb5 16. Ne5 Nxe5 17. dxe5 Nxc3 18. Qxc3 Bd7 19. Bc2 Ra7 20. a4 Rfa8 21.
a5 Rc8 22. Rfb1 Rac7 23. Bd3 Ra7 24. Rc1 Rca8 25. Qd4 Ra6 26. Ra3 R8a7 27. Rac3
Rc7 28. Bxb5 Ra8 29. Bxc6 Bxc6 30. Rxc6 Rxc6 31. Rxc6 Rb8 32. Rc5 Ra8 33. g3
Qb7 34. Qc3 Ra7 35. b5 Kh7 36. a6 Qb6 37. h4 g5 38. h5 f4 39. Qc2+ Kh8 40. Rc8+
Qd8 41. Rxd8+ Kg7 42. Qg6# 1-0

[Event "Amateur chess champ_Oktyabrskiy"]
[Site "MOSCOW"]
[Date "2016.??.??"]
[Round "3.8"]
[White "Kurakulov, Sergey"]
[Black "Losev, Dmitry"]
[Result "0-1"]
[WhiteElo "1950"]
[BlackElo "2174"]
[PlyCount "131"]
[EventDate "2016.11.12"]

1. f4 d5 2. b3 Bf5 3. Nf3 h6 4. e3 e6 5. Bb2 Nf6 6. Be2 Nbd7 7. O-O c6 8. Ne5
Nxe5 9. fxe5 Nd7 10. d4 Be7 11. Nd2 Bg5 12. Rf3 Qc7 13. h3 O-O 14. Rc1 f6 15.
Bd3 Bxd3 16. cxd3 fxe5 17. Qe2 exd4 18. exd4 Rxf3 19. Nxf3 Bxc1 20. Qxe6+ Kh8
21. Bxc1 Nf8 22. Qf5 Qd7 23. Qh5 Qe8 24. Qf5 Qg6 25. g4 Qxf5 26. gxf5 Nd7 27.
Ba3 g6 28. fxg6 Kg7 29. Nh4 Nf8 30. Bc1 h5 31. Bg5 Re8 32. Kf2 Re6 33. Nf3 Kxg6
34. h4 Kf5 35. Ne5 Ng6 36. Nf7 Kg4 37. Nh6+ Kh3 38. Nf5 Nf4 39. Ng7 Nxd3+ 40.
Kf3 Re4 41. Nxh5 Ne1+ 42. Kf2 Nc2 43. Nf6 Rxh4 44. Bxh4 Kxh4 45. Ne8 Kg4 46.
Nd6 b5 47. Ke2 Kf4 48. Kd2 Nxd4 49. Kd3 Nf5 50. Nc8 a6 51. Na7 c5 52. Nc6 c4+
53. Kc3 Ke4 54. bxc4 bxc4 55. Nb4 Ne3 56. Nc6 Ng4 57. a4 Ne5 58. Nd4 a5 59. Ne6
Nd7 60. Nd4 Nc5 61. Nc6 Nxa4+ 62. Kc2 d4 63. Nxa5 d3+ 64. Kc1 c3 65. Nc4 Nb2
66. Nd6+ 0-1

[Event "Amateur chess champ_Oktyabrskiy"]
[Site "MOSCOW"]
[Date "2016.??.??"]
[Round "3.11"]
[White "Yarikov, Artem"]
[Black "Pushkin, Vasiliy"]
[Result "1/2-1/2"]
[WhiteElo "1487"]
[BlackElo "1379"]
[PlyCount "56"]
[EventDate "2016.11.12"]

1. e4 e5 2. Nf3 Nf6 3. Nxe5 d6 4. Nf3 Nxe4 5. Nc3 Nxc3 6. dxc3 Be7 7. g3 O-O 8.
Bg2 Bg4 9. O-O d5 10. h3 Be6 11. Re1 h6 12. Qe2 Bc5 13. Bf4 Nd7 14. Qb5 Bb6 15.
Rad1 a6 16. Qd3 Nf6 17. Nd4 Qd7 18. Nxe6 fxe6 19. c4 Nh5 20. Be3 Ba5 21. Bd2
Bb6 22. Be3 Ba5 23. c3 c6 24. cxd5 exd5 25. Bc1 c5 26. Qxd5+ Qxd5 27. Rxd5 Nxg3
28. fxg3 Bc7 1/2-1/2

[Event "Amateur chess champ_Oktyabrskiy"]
[Site "MOSCOW"]
[Date "2016.??.??"]
[Round "3.12"]
[White "Muraseev, Vasilii"]
[Black "Rybakova, Natalia"]
[Result "1/2-1/2"]
[WhiteElo "1144"]
[BlackElo "1410"]
[PlyCount "149"]
[EventDate "2016.11.12"]

1. e4 c6 2. d4 d5 3. exd5 cxd5 4. Nc3 Nf6 5. Nf3 Bg4 6. Be3 e6 7. Be2 Be7 8. h3
Bh5 9. O-O O-O 10. Ne5 Bxe2 11. Qxe2 a6 12. Qd3 Nbd7 13. Bf4 Rc8 14. Qg3 Nh5
15. Qf3 Nxf4 16. Qxf4 Bd6 17. Qe3 Qe7 18. Nf3 h6 19. Rfe1 b5 20. Nxd5 Qd8 21.
Nc3 Nf6 22. Re2 Re8 23. Qd3 Nd5 24. Nxd5 exd5 25. Rxe8+ Qxe8 26. Re1 Qc6 27. c3
b4 28. Re3 Bf4 29. Re2 bxc3 30. bxc3 a5 31. Ne5 Qxc3 32. Kf1 Qa1+ 33. Re1 Qxa2
34. Qf5 Qc2 35. Qxf7+ Kh7 36. Qxf4 a4 37. Ra1 Ra8 38. Qe3 Qb2 39. Ra3 Qb1+ 40.
Ke2 Qb2+ 41. Kf3 Rf8+ 42. Kg3 Rxf2 43. Qxf2 Qxa3+ 44. Qf3 Qxf3+ 45. Nxf3 a3 46.
Nd2 Kg6 47. Kf4 Kf6 48. g4 Ke6 49. Ke3 Kd6 50. Kd3 Kc6 51. Nb3 Kb5 52. Kc3 g6
53. Na1 h5 54. gxh5 gxh5 55. Kb3 a2 56. h4 Kc6 57. Kxa2 Kd6 58. Kb3 Ke6 59. Nc2
Kf5 60. Ne3+ Ke4 61. Nxd5 Kxd5 62. Kc3 Kd6 63. Kc4 Kc6 64. d5+ Kd6 65. Kd4 Kd7
66. Ke5 Ke7 67. d6+ Kd7 68. Kd5 Kd8 69. Ke4 Kd7 70. Ke5 Kd8 71. Kf5 Kd7 72. Kg5
Kxd6 73. Kxh5 Ke7 74. Kg6 Kf8 75. Kh7 1/2-1/2